000 00650nam a2200181 a 4500
005 20140310183457.0
008 091110s19uu xx 00 eng d
020 _a9781843105398
050 _aHV 1568.4
_b.P965 2008
245 0 _aPromoting social interaction for individuals with communicative impairments :
_bmaking contact /
_cedited by M. Suzanne Zeedyk.
260 _aLondon :
_bJessica Kingsley Publishers,
_c2008.
300 _a192 p. :
_c23 cm.
521 _aPSYCH
650 _aPeople with disabilities
_xmeans of communication.
650 _aCommunicative disorders
_xpatients
_xrehabilitation.
942 _cBK
_2lcc
_kFOR
999 _c23679
_d23679